Geography Quiz

Random Geography or Blitz Quiz

Secret Country IX Quiz Stats

 Plays Quiz Updated Jul 2, 2018

Challenge
Share
Tweet
Score 0/197 Timer 01:00
16 Plays Today
% Correct
Iran
81.8%
Iraq
81.5%
Saudi Arabia
79.5%
Russia
77.3%
Turkey
76.6%
Yemen
75.6%
Oman
75.4%
Israel
75.2%
Egypt
74.5%
China
74.5%
India
74.2%
United Arab Emirates
73.2%
Syria
72.5%
United States of America
72.4%
Jordan
72.1%
Pakistan
70.7%
Italy
70%
Afghanistan
69.2%
Kuwait
68.5%
United Kingdom
67.7%
Lebanon
67.6%
Palestine
66.6%
France
65.8%
Australia
65.6%
Greece
65.2%
Sudan
64.9%
Germany
64.7%
Canada
64.6%
Spain
64.3%
Chad
64.1%
Somalia
64.1%
South Africa
64%
Georgia
63.9%
Brazil
63.9%
Bahrain
63.9%
Turkmenistan
63.7%
Libya
63.7%
Uzbekistan
63.5%
Kazakhstan
63.4%
Mexico
63.4%
Ethiopia
63%
Azerbaijan
62.9%
Armenia
62.9%
Kenya
62.5%
Mongolia
62.3%
Japan
62.2%
Morocco
62.2%
Algeria
62.1%
Cyprus
62.1%
Nepal
62.1%
Djibouti
62.1%
Ukraine
62%
Eritrea
62%
Niger
62%
Poland
62%
Tajikistan
61.8%
Kyrgyzstan
61.8%
Sri Lanka
61.5%
Panama
61.3%
Romania
61.3%
Democratic Republic of the Congo
61.3%
Sweden
61.2%
Austria
61.1%
Norway
61.1%
Bangladesh
61%
Indonesia
61%
% Correct
Mali
61%
South Sudan
60.9%
Croatia
60.9%
Madagascar
60.8%
Hungary
60.8%
Bulgaria
60.7%
Serbia
60.7%
Portugal
60.7%
Thailand
60.7%
Honduras
60.7%
Bhutan
60.7%
Cuba
60.6%
Albania
60.6%
Finland
60.6%
Central African Republic
60.6%
Iceland
60.6%
Switzerland
60.6%
Chile
60.6%
Ireland
60.6%
Ghana
60.6%
Vietnam
60.5%
Tunisia
60.5%
Belize
60.5%
Maldives
60.5%
Guatemala
60.5%
Nicaragua
60.5%
Congo
60.5%
Costa Rica
60.5%
Peru
60.5%
Malta
60.5%
Laos
60.4%
Uganda
60.4%
Argentina
60.4%
Moldova
60.4%
Belarus
60.4%
Nigeria
60.4%
Denmark
60.3%
Rwanda
60.2%
Kosovo
60.2%
Belgium
60.2%
Czechia
60.2%
Slovakia
60.2%
New Zealand
60.2%
El Salvador
60.2%
Macedonia
60.2%
Myanmar
60.2%
Angola
60.2%
Slovenia
60.2%
Vatican City
60.1%
Togo
60.1%
Colombia
60.1%
Estonia
60.1%
Tanzania
60.1%
Monaco
60.1%
Latvia
60%
Malaysia
60%
Andorra
60%
Seychelles
60%
Lesotho
60%
Fiji
60%
Jamaica
60%
San Marino
60%
Haiti
59.9%
Senegal
59.9%
Netherlands
59.9%
Liberia
59.9%
% Correct
Brunei
59.9%
Bolivia
59.9%
Cote d'Ivoire
59.9%
Luxembourg
59.9%
Venezuela
59.9%
Ecuador
59.9%
Benin
59.9%
Singapore
59.9%
Philippines
59.9%
Montenegro
59.9%
Zimbabwe
59.8%
Lithuania
59.8%
South Korea
59.8%
Cambodia
59.8%
Cameroon
59.8%
Uruguay
59.8%
North Korea
59.8%
Mozambique
59.8%
Paraguay
59.8%
Botswana
59.8%
Zambia
59.8%
Gabon
59.8%
Bosnia and Herzegovina
59.8%
Namibia
59.8%
Burundi
59.7%
Dominica
59.7%
The Bahamas
59.7%
Liechtenstein
59.7%
The Gambia
59.7%
Comoros
59.7%
Suriname
59.7%
Taiwan
59.7%
Malawi
59.7%
Guinea
59.7%
Sierra Leone
59.7%
Samoa
59.6%
Papua New Guinea
59.6%
Kiribati
59.6%
Guyana
59.6%
Mauritius
59.6%
eSwatini
59.6%
Tonga
59.6%
Palau
59.6%
Micronesia
59.6%
Barbados
59.6%
Tuvalu
59.6%
Timor-Leste
59.6%
Mauritania
59.6%
Burkina Faso
59.6%
Vanuatu
59.6%
Dominican Republic
59.6%
Nauru
59.6%
Trinidad and Tobago
59.6%
Solomon Islands
59.6%
St Kitts
59.6%
Saint Lucia
59.6%
Marshall Islands
59.6%
Grenada
59.5%
St Vincent
59.5%
Antigua and Barbuda
59.5%
Equatorial Guinea
59.5%
Cabo Verde
59.5%
Guinea-Bissau
59.5%
Sao Tome and Principe
59.5%
Qatar
59.4%

You're not logged in!

Compare scores with friends on all Sporcle quizzes.
OR
Log In

You Might Also Like...

Show Comments

Extras

Top Quizzes Today


Score Distribution

Your Account Isn't Verified!

In order to create a playlist on Sporcle, you need to verify the email address you used during registration. Go to your Sporcle Settings to finish the process.

Report this User

Report this user for behavior that violates our Community Guidelines.

Details: